[Event "10th IM Marmaris Karia 2019"]
[Site "Marmaris"]
[Date "2019.10.18"]
[Round "4.3"]
[White "Rasulov, Vugar"]
[Black "Citak, Selim"]
[Result "1-0"]
[WhiteElo "2506"]
[BlackElo "2210"]
[Annotator "ChessBase"]
[PlyCount "113"]
[EventDate "2019.10.19"]
[EventType "schev"]
[EventCountry "TUR"]
[SourceTitle "playchess.com"]
[Source "ChessBase"]
[SourceQuality "1"]
[TimeControl "5400+30"]

1. d4 {[%emt 0:00:30]} d5 {[%emt 0:00:30]} 2. Nf3 {[%emt 0:00:30]} Nf6 {[%emt 0:00:30]} 3. c4 {[%emt 0:00:30]} e6 {[%emt 0:00:30]} 4. Nc3 {[%emt 0:00:30]} Be7 {[%emt 0:00:30]} 5. Bf4 {[%emt 0:00:30]} O-O {[%emt 0:00:30]} 6. e3 {[%emt 0:01:30]} c5 {[%emt 0:00:30]} 7. dxc5 {[%emt 0:00:00]} Bxc5 {[%emt 0:01:30]} 8. Qc2 {[%emt 0:01:00]} Nc6 {[%emt 0:01:30]} 9. a3 {[%emt 0:01:30]} Qa5 {[%emt 0:04:30]} 10. Nd2 {[%emt 0:00:30]} Be7 {[%emt 0:00:30]} 11. O-O-O {[%emt 0:00:30]} a6 {[%emt 0:12:30]} 12. g4 {[%emt 0:03:30]} e5 {[%emt 0:06:30]} 13. g5 {[%emt 0:02:30]} exf4 {[%emt 0:12:30]} 14. gxf6 {[%emt 0:01:30]} Bxf6 {[%emt 0:00:30]} 15. Nxd5 {[%emt 0:00:30]} fxe3 {[%emt 0:05:30]} 16. fxe3 {[%emt 0:00:30]} Be5 {[%emt 0:03:30]} 17. Bd3 {[%emt 0:00:30]} h6 {[%emt 0:01:30]} 18. c5 {[%emt 0:02:30]} Be6 {[%emt 0:05:30]} 19. Nb3 {[%emt 0:02:30]} Qa4 {[%emt 0:02:30]} 20. Bc4 {[%emt 0:02:30]} Bxd5 {[%emt 0:02:30]} 21. Rxd5 {[%emt 0:00:30]} Rad8 {[%emt 0:00:30]} 22. Rxd8 {[%emt 0:01:30]} Nxd8 {[%emt 0:02:30]} 23. Rd1 {[%emt 0:03:30]} Kh8 {[%emt 0:02:30]} 24. h3 {[%emt 0:00:30]} Qc6 {[%emt 0:02:30]} 25. Bd5 {[%emt 0:00:30]} Qc7 {[%emt 0:00:30]} 26. Kb1 {[%emt 0:00:30]} Nc6 {[%emt 0:01:30]} 27. Qe4 {[%emt 0:00:30]} Bf6 {[%emt 0:01:30]} 28. Bxc6 {[%emt 0:05:30]} bxc6 {[%emt 0:00:30]} 29. Rd6 {[%emt 0:00:30]} Rb8 {[%emt 0:01:30]} 30. Ka2 {[%emt 0:01:30]} Qb7 {[%emt 0:01:30]} 31. Qa4 {[%emt 0:04:30]} Rc8 {[%emt 0:00:30]} 32. Nd4 {[%emt 0:08:30]} Rb8 {[%emt 0:00:00]} 33. Qb3 {[%emt 0:01:30]} Qa7 {[%emt 0:04:00]} 34. Qc3 {[%emt 0:01:30]} Qb7 {[%emt 0:02:30]} 35. Qb3 {[%emt 0:05:30]} Qa7 {[%emt 0:00:00]} 36. Qc2 {[%emt 0:03:30]} Qb7 {[%emt 0:00:00]} 37. Nb3 {[%emt 0:02:30]} a5 {[%emt 0:00:30]} 38. Qc4 {[%emt 0:00:30]} Be5 {[%emt 0:00:30]} 39. Rd2 {[%emt 0:00:30]} f6 {[%emt 0:00:30]} 40. h4 {[%emt 0:00:30]} Qb5 {[%emt 0:00:30]} 41. Qxb5 {[%emt 0:00:30]} Rxb5 {[%emt 0:00:30]} 42. a4 {[%emt 0:00:30]} Rb4 {[%emt 0:00:30]} 43. Ka3 {[%emt 0:01:30]} g5 {[%emt 0:12:02]} 44. hxg5 {[%emt 0:00:30]} fxg5 {[%emt 0:00:18]} 45. Nxa5 {[%emt 0:00:30]} Re4 {[%emt 0:01:01]} 46. Nxc6 {[%emt 0:00:30]} Rxe3+ {[%emt 0:00:31]} 47. Kb4 {[%emt 0:00:00]} Bg3 {[%emt 0:01:16]} 48. Kc4 {[%emt 0:01:00]} Re8 {[%emt 0:03:18]} 49. a5 {[%emt 0:00:30]} h5 {[%emt 0:00:36]} 50. a6 {[%emt 0:00:30]} Bf4 {[%emt 0:01:00]} 51. Rd8 {[%emt 0:00:30]} Rxd8 {[%emt 0:00:49]} 52. Nxd8 {[%emt 0:00:00]} Bb8 {[%emt 0:00:31]} 53. Nc6 {[%emt 0:00:00]} g4 {[%emt 0:00:27]} 54. Nxb8 {[%emt 0:00:30]} g3 {[%emt 0:00:05]} 55. a7 {[%emt 0:00:00]} g2 {[%emt 0:00:01]} 56. a8=Q {[%emt 0:00:00]} g1=Q {[%emt 0:00:06]} 57. Nd7+ {[%emt 0:00:30]} 1-0

[Event "10th IM Marmaris Karia 2019"]
[Site "Marmaris"]
[Date "2019.10.18"]
[Round "4.4"]
[White "Sevdimaliyev, Urfan"]
[Black "Gunduz, Umut Erdem"]
[Result "1-0"]
[WhiteElo "2361"]
[BlackElo "2165"]
[Annotator "NA"]
[PlyCount "93"]
[EventDate "2019.10.19"]
[EventType "schev"]
[EventCountry "TUR"]
[SourceTitle "playchess.com"]
[Source "ChessBase"]
[SourceQuality "1"]
[TimeControl "5400+30"]

1. c4 {[%emt 0:01:30]} c5 {[%emt 0:00:30]} 2. Nf3 {[%emt 0:00:00]} Nf6 {[%emt 0:00:30]} 3. Nc3 {[%emt 0:01:00]} Nc6 {[%emt 0:00:30]} 4. d4 {[%emt 0:01:30]} cxd4 {[%emt 0:00:30]} 5. Nxd4 {[%emt 0:00:30]} g6 {[%emt 0:00:00]} 6. e4 {[%emt 0:00:30]} d6 {[%emt 0:01:00]} 7. Be2 {[%emt 0:03:30]} Bg7 {[%emt 0:00:30]} 8. Be3 {[%emt 0:00:00]} O-O {[%emt 0:00:30]} 9. Qd2 {[%emt 0:04:00]} Ng4 {[%emt 0:00:30]} 10. Bxg4 {[%emt 0:00:30]} Bxg4 {[%emt 0:00:30]} 11. O-O {[%emt 0:06:30]} Rc8 {[%emt 0:09:30]} 12. b3 {[%emt 0:05:30]} a6 $14 {[%emt 0:14:30]} 13. f4 {[%emt 0:08:30]} Bd7 {[%emt 0:06:30]} 14. Rac1 {[%emt 0:06:30]} Nxd4 {[%emt 0:15:30]} 15. Bxd4 {[%emt 0:00:00]} Bc6 {[%emt 0:01:30]} 16. f5 {[%emt 0:15:00]} Bxd4+ {[%emt 0:02:30]} 17. Qxd4 {[%emt 0:00:30]} Qa5 {[%emt 0:00:00]} 18. f6 {[%emt 0:08:30]} exf6 {[%emt 0:05:00]} 19. Qxd6 {[%emt 0:05:30]} Rce8 {[%emt 0:09:30]} 20. Qxf6 {[%emt 0:05:30]} Bxe4 {[%emt 0:01:30]} 21. Rce1 {[%emt 0:02:30]} Re6 {[%emt 0:04:30]} 22. Qd4 {[%emt 0:00:30]} Bc6 {[%emt 0:00:30]} 23. Rxe6 {[%emt 0:00:30]} fxe6 {[%emt 0:00:30]} 24. Rxf8+ {[%emt 0:00:30]} Kxf8 {[%emt 0:00:30]} 25. Qf6+ {[%emt 0:00:30]} Ke8 {[%emt 0:00:30]} 26. Qxe6+ {[%emt 0:00:30]} Kd8 {[%emt 0:00:30]} 27. Qg8+ {[%emt 0:00:30]} Kc7 {[%emt 0:00:30]} 28. Qxh7+ {[%emt 0:00:30]} Kb6 {[%emt 0:00:30]} 29. Qh3 {[%emt 0:07:02]} Qc5+ {[%emt 0:04:30]} 30. Kf1 {[%emt 0:00:28]} Qg5 {[%emt 0:06:55]} 31. Nd1 {[%emt 0:05:38]} Qf4+ {[%emt 0:04:36]} 32. Ke2 {[%emt 0:02:04]} Kc5 {[%emt 0:01:35]} 33. Qe3+ {[%emt 0:02:31]} Qxe3+ {[%emt 0:00:03]} 34. Nxe3 {[%emt 0:00:18]} Kb4 {[%emt 0:00:17]} 35. Kd3 {[%emt 0:02:31]} Ka3 {[%emt 0:01:17]} 36. Kc3 {[%emt 0:00:57]} Kxa2 {[%emt 0:00:11]} 37. h4 {[%emt 0:01:06]} a5 {[%emt 0:01:12]} 38. c5 {[%emt 0:01:28]} Kb1 {[%emt 0:05:26]} 39. g4 {[%emt 0:03:05]} Bf3 {[%emt 0:02:23]} 40. Nc4 {[%emt 0:00:32]} a4 {[%emt 0:01:00]} 41. bxa4 {[%emt 0:00:06]} Bxg4 {[%emt 0:00:13]} 42. Ne5 {[%emt 0:00:25]} Bf5 {[%emt 0:00:38]} 43. a5 {[%emt 0:00:12]} Ka2 {[%emt 0:00:40]} 44. c6 {[%emt 0:01:09]} bxc6 {[%emt 0:00:14]} 45. a6 {[%emt 0:00:02]} c5 {[%emt 0:00:09]} 46. a7 {[%emt 0:00:32]} Be4 {[%emt 0:00:05]} 47. Nxg6 {[%emt 0:00:35]} 1-0

[Event "10th IM Marmaris Karia 2019"]
[Site "Marmaris"]
[Date "2019.10.18"]
[Round "4.5"]
[White "Guseynov, Alihan"]
[Black "Angun, Batu"]
[Result "0-1"]
[WhiteElo "2335"]
[BlackElo "2165"]
[Annotator "NA"]
[PlyCount "82"]
[EventDate "2019.10.19"]
[EventType "schev"]
[EventCountry "TUR"]
[SourceTitle "playchess.com"]
[Source "ChessBase"]
[SourceQuality "1"]
[TimeControl "5400+30"]

1. e4 {[%emt 0:00:30]} c5 {[%emt 0:02:30]} 2. Nf3 {[%emt 0:00:30]} d6 {[%emt 0:00:00]} 3. d4 {[%emt 0:00:00]} cxd4 {[%emt 0:00:00]} 4. Nxd4 {[%emt 0:00:00]} Nf6 {[%emt 0:00:30]} 5. Nc3 {[%emt 0:00:30]} a6 {[%emt 0:00:00]} 6. Be3 {[%emt 0:00:30]} e5 {[%emt 0:00:00]} 7. Nb3 {[%emt 0:00:30]} Be7 {[%emt 0:02:30]} ({Predecessor:} 7... Be6 8. f3 d5 9. exd5 Nxd5 10. Nxd5 Qxd5 11. Qxd5 Bxd5 12. O-O-O Be6 13. Nc5 {½-½ (54) Tangatarov,T (2184)-Glidzhain,G (2354) Ufa 2012}) 8. f3 {[%emt 0:00:30]} Be6 {[%emt 0:00:30]} 9. Qd2 {[%emt 0:00:30]} d5 {[%emt 0:03:30]} 10. exd5 {[%emt 0:02:30] B90: Sicilian Najdorf: Unusual White 6th moves, 6 Be3 Ng4 and 6 Be3 e5} Nxd5 {[%emt 0:00:30]} 11. Nxd5 {[%emt 0:01:30]} Qxd5 {[%emt 0:00:30]} 12. Qxd5 {[%emt 0:00:30]} Bxd5 {[%emt 0:00:30]} 13. O-O-O {[%emt 0:00:30]} Be6 {[%emt 0:00:30]} 14. Nc5 $146 {[%emt 0:00:30]} (14. Na5 b5 15. Bd3 f5 16. Rhe1 Nd7 17. Nc6 Rc8 18. Nxe7 Kxe7 {½-½ (47) Shirov,A (2710)-Ljubojevic,L (2580) Linares 1995}) 14... Bxc5 {[%emt 0:00:30]} 15. Bxc5 {[%emt 0:00:30]} Nd7 {[%emt 0:00:30]} 16. Bd6 {[%emt 0:00:30]} Rc8 {[%emt 0:00:30]} 17. b3 {[%emt 0:05:30]} f6 {[%emt 0:01:30]} 18. Bd3 {[%emt 0:00:30]} Nc5 {[%emt 0:00:30]} 19. Bxc5 {[%emt 0:07:30]} Rxc5 {[%emt 0:00:00]} 20. Be4 {[%emt 0:00:00]} Rc7 {[%emt 0:00:00]} 21. Rd6 {[%emt 0:00:00]} Ke7 {[%emt 0:00:30]} 22. Rb6 $1 {[%emt 0:00:30]} Bc8 {[%emt 0:00:30]} 23. c4 {[%emt 0:02:30]} f5 {[%emt 0:00:30]} 24. Bc2 {[%emt 0:02:30]} Rc6 {[%emt 0:00:30]} 25. Rxc6 {[%emt 0:00:30]} bxc6 {[%emt 0:00:30]} 26. Kb2 {[%emt 0:00:30]} Rd8 {[%emt 0:00:30]} 27. Kc3 {[%emt 0:00:30]} c5 {[%emt 0:00:30]} 28. a3 {[%emt 0:01:30]} a5 {[%emt 0:00:30]} 29. h4 {[%emt 0:02:30]} Rd4 $11 {[%emt 0:00:30]} 30. g3 {[%emt 0:04:30]} Be6 {[%emt 0:04:30]} 31. h5 {[%emt 0:03:30]} h6 {[%emt 0:04:30]} 32. Bd3 {[%emt 0:02:30]} Kf6 {[%emt 0:02:30]} 33. Rb1 {[%emt 0:02:30]} f4 {[%emt 0:08:30]} 34. Rg1 {[%emt 0:12:30]} Bf5 {[%emt 0:02:30]} 35. Be2 {[%emt 0:02:30]} e4 {[%emt 0:00:30]} 36. b4 {[%emt 0:05:30]} axb4+ {[%emt 0:00:30]} 37. axb4 {[%emt 0:00:00]} exf3 {[%emt 0:00:30]} 38. bxc5 {[%emt 0:00:00]} Re4 {[%emt 0:00:30]} 39. Bf1 {[%emt 0:01:30]} Re1 {[%emt 0:00:30]} 40. gxf4 {[%emt 0:01:30]} f2 {[%emt 0:01:30]} 41. Rh1 {[%emt 0:00:30]} Be4 {[%emt 0:00:00]} 0-1

[Event "10th IM Marmaris Karia 2019"]
[Site "Marmaris"]
[Date "2019.10.19"]
[Round "5.1"]
[White "Kiremitciyan, Ari"]
[Black "Darban, Morteza"]
[Result "0-1"]
[WhiteElo "2286"]
[BlackElo "2285"]
[Annotator "TA"]
[PlyCount "158"]
[EventDate "2019.10.19"]
[EventType "schev"]
[EventCountry "TUR"]
[SourceTitle "playchess.com"]
[Source "ChessBase"]
[SourceQuality "1"]

{[%evp 11,158,38,40,17,31,22,32,25,25,31,23,26,77,33,37,-5,6,-20,-4,0,0,0,0,0,31,-14,-4,-19,-22,-22,0,-1,0,-41,-43,-44,-16,-43,-42,-57,-44,-70,-68,-58,-84,-81,-45,-109,-68,-529,-514,-459,-273,-275,-275,-275,-282,-264,-164,-166,-166,-157,-154,-150,-149,-179,-196,-258,-217,-254,-247,-225,-227,-322,-313,-427,-420,-420,-420,-420,-300,-1354,-1308,-1271,-161,-1249,-1192,-938,-1111,-1111,-1097,-1045,-1079,-1064,-975,-2832,-1396,-1555,-1015,-4762,-2731,-3800,-2208,-2270,-2428,-9267,-1677,-12850,-29937,-29942,-29941,-29950,-29948,-12717,-347,-29961,-29962,-29957,-29962,-29959,-29959,-29970,-29971,-29973,-29974,-29974,-29975,-29974,-29975,-29975,-29975,-29977,-29978,-29978,-29979,-29979,-29980,-29979,-29979,-29980,-29981,-29981,-29980,-29983,-29984,-29988,-29985,-29986,-29986]} 1. e4 Nf6 2. e5 Nd5 3. d4 d6 4. Nf3 dxe5 5. Nxe5 c6 6. Be2 Nd7 7. Nxd7 {B04: Alekhine's Defence: 4 Nf3} (7. c4 Nc7 8. Nf3 g6 9. Nc3 Bg7 10. O-O O-O 11. Bf4 Nf6 12. h3 Bf5 13. Be5 Ne4 14. Bxg7 Kxg7 15. Re1 Nf6 16. Qd2 Qd6 17. Rad1 Rad8 18. Qe3 {1-0 (33) Eljanov,P (2734)-Kasimdzhanov,R (2676) Douglas 2017}) 7... Qxd7 8. c4 Nc7 9. Be3 {White is slightly better.} g6 10. Nc3 $146 ({Predecessor:} 10. Nd2 Bg7 11. Nf3 O-O 12. O-O f6 13. Qd2 {1-0 (54) Kaeser,U-Buecker,S (2300) Heiden 1987}) 10... Bg7 11. Qd2 b6 (11... b5 $11 {keeps the balance.}) 12. O-O O-O 13. f4 Bb7 14. Rfd1 Rfd8 15. Bf3 Ne8 16. Qe2 Qc7 17. Rac1 Rd7 18. d5 Rad8 19. dxc6 Bxc6 20. Nd5 Bxd5 21. Rxd5 Rxd5 22. Bxd5 (22. cxd5 $5 {[%cal Rc1c7]} Qd7 23. g3 $11) 22... e6 23. Bf3 Bd4 {White must now prevent ...Qxf4.} 24. Bxd4 Rxd4 25. g3 Qc5 $36 {[%mdl 2048] Black is more active.} 26. Kf1 Nd6 {[%cal Rd6c4]} 27. b3 Nf5 28. Re1 Qa5 {Threatens to win with ...Qc3.} 29. Qf2 (29. Qe5 $1 $15) 29... Qc3 {And now ...Rd2 would win.} 30. Bg2 $2 {[%mdl 8192]} ({Only move:} 30. Be4 $1 $15) 30... Rd2 $19 31. Qf3 Qd4 (31... Rd3 $142 32. Qe4 Ne3+ 33. Kf2 Rd2+ 34. Re2 Ng4+ 35. Kg1 Rxe2 {[%mdl 64] Overworked Piece} 36. Qxe2 Qd4+ 37. Kf1 Qa1+ 38. Qe1 Nxh2+ 39. Ke2 Qxa2+ {[%mdl 64] Double Attack} 40. Qd2 Qxb3 {[%mdl 64] Double Attack} 41. Qd8+ Kg7) 32. Bh3 Rxa2 (32... Rxh2 33. Bg2 $17) 33. Bxf5 gxf5 {[%mdl 4096] Endgame KQR-KQR} (33... exf5 34. Qe3 $19) 34. Rd1 Qe4 35. Qxe4 fxe4 {KR-KR} 36. Rd4 Rb2 37. Rxe4 Rxb3 38. Rd4 Rb2 39. Rd7 (39. Rd8+ $142 Kg7 40. h4) 39... a5 {[%cal Ba7a5,Ba5a4,Ba4a3,Ba3a2][%mdl 32]} (39... Rxh2 40. Rxa7 Rb2 41. Rb7 $17) 40. Rb7 a4 {...a3 is the strong threat.} (40... Rxh2 41. Rxb6 a4 42. Ra6 $17) 41. Ra7 Rb4 ({But not} 41... Rxh2 42. Rxa4 Rb2 43. Ra8+ Kg7 44. Rb8 $17) 42. Rb7 (42. c5 {was worth a try.} bxc5 43. Ke2) 42... h5 ({Much less strong is} 42... Rxc4 43. Rxb6 Rc1+ 44. Ke2 $19) 43. Kg2 Rxc4 44. Rxb6 Rc2+ 45. Kh3 a3 46. Kh4 $2 (46. Ra6 a2 47. g4) 46... a2 47. Ra6 Rxh2+ 48. Kg5 {If White can now play Kf6 this consolidates a bit.} Kg7 {[%csl Gg7][%cal Rf7f6]} 49. f5 f6+ 50. Kf4 e5+ 51. Ke4 Rd2 52. Ke3 Rg2 53. Kf3 Rb2 54. Ke4 Rf2 55. Ra8 Rd2 56. Ke3 Rg2 57. Kf3 Rb2 58. Ke4 Rf2 (58... h4 $142 59. gxh4 Rh2) 59. Ra6 h4 60. gxh4 Rf4+ 61. Kd5 Rxf5 62. Rxa2 Rf4 $2 (62... Kg6 63. Ra8 Rf4) 63. Ke6 $2 {[#]} (63. Rh2 $19 Kf7 64. h5) 63... Kg6 {Black mates.} 64. Ra8 Rxh4 65. Rg8+ Kh7 66. Kf7 {[#]} Rf4 $1 (66... f5 67. Rg5 $11) 67. Rg6 e4 ({Stronger than} 67... f5 68. Rg1 $11) 68. Rg1 Kh6 69. Ke6 Kh5 70. Kd5 f5 71. Ke5 Rf3 72. Rg2 Kh4 73. Rg1 Kh3 74. Kd4 Kh2 75. Rg5 e3 76. Kd3 f4 77. Ke2 Rf2+ 78. Ke1 Kh3 79. Rg8 Ra2 {Accuracy: White = 38%, Black = 64%.} 0-1

[Event "10th IM Marmaris Karia 2019"]
[Site "Marmaris"]
[Date "2019.10.19"]
[Round "5.2"]
[White "Sahin, Ozgun"]
[Black "Rasulov, Vugar"]
[Result "1/2-1/2"]
[WhiteElo "2224"]
[BlackElo "2506"]
[Annotator "RC"]
[PlyCount "93"]
[EventDate "2019.10.19"]
[EventType "schev"]
[EventCountry "TUR"]
[SourceTitle "playchess.com"]
[Source "ChessBase"]
[SourceQuality "1"]
[TimeControl "5400+30"]

1. e4 {[%emt 0:00:30]} e6 {[%emt 0:02:30]} 2. d4 {[%emt 0:00:00]} d5 {[%emt 0:00:30]} 3. Nc3 {[%emt 0:00:00]} Nf6 {[%emt 0:01:30]} 4. e5 {[%emt 0:00:30]} Nfd7 {[%emt 0:00:00]} 5. f4 {[%emt 0:00:00]} c5 {[%emt 0:00:00]} 6. Nf3 {[%emt 0:00:00]} Nc6 {[%emt 0:00:30]} 7. Ne2 {[%emt 0:00:30]} b5 {[%emt 0:00:30]} 8. g3 {[%emt 0:00:30]} b4 {[%emt 0:00:30]} 9. Bg2 {[%emt 0:03:30]} a5 {[%emt 0:03:30]} 10. O-O {[%emt 0:00:30]} g6 {[%emt 0:00:30]} 11. c4 {[%emt 0:03:30]} Nb6 {[%emt 0:01:30]} 12. cxd5 {[%emt 0:06:30]} Nxd5 {[%emt 0:00:00]} 13. f5 {[%emt 0:07:30]} gxf5 {[%emt 0:04:00]} 14. Nf4 {[%emt 0:00:30]} Bb7 {[%emt 0:02:30]} 15. Qa4 {[%emt 0:11:30]} Nxf4 {[%emt 0:10:30]} 16. Bxf4 {[%emt 0:00:30]} Qd7 {[%emt 0:00:30]} 17. Nd2 {[%emt 0:09:30]} Nd8 {[%emt 0:05:30]} 18. Qxd7+ {[%emt 0:02:30]} Kxd7 {[%emt 0:00:30]} 19. Nc4 {[%emt 0:01:30]} Bxg2 {[%emt 0:00:00]} 20. Kxg2 {[%emt 0:00:30]} Kc6 {[%emt 0:00:00]} 21. Rac1 {[%emt 0:00:30]} Nb7 {[%emt 0:00:00]} 22. Rfd1 {[%emt 0:05:30]} Rd8 {[%emt 0:02:00]} 23. Nd6 {[%emt 0:05:30]} Nxd6 {[%emt 0:00:30]} 24. Rxc5+ {[%emt 0:00:30]} Kb6 {[%emt 0:00:00]} 25. exd6 {[%emt 0:00:30]} Bxd6 {[%emt 0:00:00]} 26. Bxd6 {[%emt 0:00:30]} Rxd6 {[%emt 0:00:30]} 27. Rdc1 {[%emt 0:00:00]} Rhd8 {[%emt 0:00:30]} 28. a4 {[%emt 0:00:00]} bxa3 {[%emt 0:00:30]} 29. bxa3 {[%emt 0:00:30]} Ka6 {[%emt 0:01:30]} 30. a4 {[%emt 0:23:14]} R8d7 {[%emt 0:04:30]} 31. d5 {[%emt 0:00:29]} Rxd5 {[%emt 0:01:30]} 32. Rxd5 {[%emt 0:00:45]} Rxd5 {[%emt 0:00:30]} 33. Rc7 {[%emt 0:00:30]} Rd4 {[%emt 0:00:30]} 34. Rxf7 {[%emt 0:00:30]} Rxa4 {[%emt 0:00:30]} 35. Rxh7 {[%emt 0:00:00]} Rb4 {[%emt 0:00:30]} 36. Re7 {[%emt 0:00:18]} Rb6 {[%emt 0:00:30]} 37. h4 {[%emt 0:00:21]} a4 {[%emt 0:00:00]} 38. Re8 {[%emt 0:01:11]} Kb5 {[%emt 0:00:00]} 39. h5 {[%emt 0:00:45]} a3 {[%emt 0:00:30]} 40. h6 {[%emt 0:00:16]} Rb7 {[%emt 0:03:30]} 41. Rxe6 {[%emt 0:04:47]} Ra7 {[%emt 0:09:30]} 42. Re1 {[%emt 0:06:35]} Rh7 {[%emt 0:03:30]} 43. Re5+ {[%emt 0:00:10]} Kb4 {[%emt 0:00:30]} 44. Rxf5 {[%emt 0:00:02]} Rxh6 {[%emt 0:00:30]} 45. Rf4+ {[%emt 0:02:28]} Kb5 {[%emt 0:00:30]} 46. Rf5+ {[%emt 0:00:03]} Kc4 {[%emt 0:01:30]} 47. Rf4+ {[%emt 0:00:04]} 1/2-1/2

[Event "10th IM Marmaris Karia 2019"]
[Site "Marmaris"]
[Date "2019.10.19"]
[Round "5.3"]
[White "Citak, Selim"]
[Black "Sevdimaliyev, Urfan"]
[Result "1-0"]
[WhiteElo "2210"]
[BlackElo "2361"]
[Annotator "TA"]
[PlyCount "95"]
[EventDate "2019.10.19"]
[EventType "schev"]
[EventCountry "TUR"]
[SourceTitle "playchess.com"]
[Source "ChessBase"]
[SourceQuality "1"]

{[%evp 14,95,45,40,76,56,64,73,63,59,109,106,113,105,105,105,104,98,116,120,184,157,168,170,162,114,174,170,158,162,164,161,148,150,280,275,327,160,154,155,182,172,168,178,167,144,331,125,125,127,110,105,206,202,182,180,155,147,174,129,137,65,166,139,142,134,137,134,138,39,387,391,391,384,416,412,873,870,832,789,704,691,517,457]} 1. d4 Nf6 2. c4 g6 3. Nc3 d5 4. Nf3 Bg7 5. Bf4 c6 6. e3 O-O 7. Rc1 dxc4 8. Bxc4 Nd5 {D93: Grünfeld: 4 Nf3 Bg7 5 Bf4 0-0 6 e3} (8... Nbd7 9. O-O Nh5 10. Bg5 h6 11. Bh4 Nb6 12. Bb3 Nd5 13. Nxd5 cxd5 14. Ne5 Be6 15. f4 Nf6 16. g4 Bc8 17. Qf3 {1-0 (48) Shevchenko,K (2502)-Papp,G (2598) Benasque 2017}) 9. Bxd5 cxd5 10. Qb3 e6 {White is better.} 11. O-O Qb6 $146 ({Predecessor:} 11... Na6 12. a3 b6 13. Nb5 Bb7 14. Qd3 f6 15. Nd6 Qd7 16. b4 {1-0 (33) Kiss,P (2335)-Naik,R (1917) Prague 2015}) 12. Qxb6 axb6 13. Bxb8 Rxb8 {[#]} 14. Na4 $1 Bd7 15. Nxb6 Bb5 16. Rfd1 Bf6 (16... Rfd8 $16 {was worth a try.}) 17. Ne5 Rfd8 18. a4 Be8 19. a5 Rd6 (19... Bg7 $16) 20. b4 $18 Bd8 21. Rc8 Rxc8 22. Nxc8 Ra6 23. Rc1 f6 {[#]} (23... Kf8 $16 24. Nd3 Ra8) 24. Nd3 $1 Bc6 25. Nc5 (25. g3 $18 {and White stays clearly on top.}) 25... Ra8 $16 26. Nd6 ({Much worse is} 26. Nxe6 $6 Rxc8 27. b5 Bxa5 $11) 26... Be7 27. Ncxb7 Bxb7 28. Nxb7 {Black must now prevent b5.} Bxb4 $18 {[%mdl 4096] Endgame KRB-KRN} 29. Ra1 Ra6 $2 (29... e5 $16 {might work better.} 30. Ra4 Be7) 30. Ra4 $2 (30. Rb1 $18 {is more deadly.} Rc6 31. Nd8) 30... Be7 $16 31. Kf1 Kf8 32. Ra2 Ra7 (32... e5 $16) 33. a6 $18 Ke8 34. Nc5 e5 35. Ke2 Kd8 36. Kd3 Kc7 37. f4 (37. f3 $16) 37... Kb6 (37... Kc6 $14) 38. fxe5 fxe5 39. Ne6 e4+ 40. Kc3 Bd6 41. Nc5 ({White must play} 41. Rb2+ $16 Kc6 42. Nd8+ Kc7 43. Rb7+ Rxb7 44. Nxb7 Bxh2 45. Nc5) 41... Bxc5 $2 {[%mdl 8192]} (41... Bxh2 $14 42. Rb2+ Kc6) 42. dxc5+ Kxc5 $14 {KR-KR} 43. g4 h6 44. h4 Kb5 (44... Kb6 $142 45. Kd4 Kc6) 45. Kd4 $18 {White is clearly winning.} Kc6 46. Ra1 Kd6 47. Ra5 Kc6 48. Rc5+ {Accuracy: White = 62%, Black = 35%.} 1-0

[Event "10th IM Marmaris Karia 2019"]
[Site "Marmaris"]
[Date "2019.10.19"]
[Round "5.4"]
[White "Gunduz, Umut Erdem"]
[Black "Guseynov, Alihan"]
[Result "0-1"]
[WhiteElo "2165"]
[BlackElo "2335"]
[Annotator "TA"]
[PlyCount "78"]
[EventDate "2019.10.19"]
[EventType "schev"]
[EventCountry "TUR"]
[SourceTitle "playchess.com"]
[Source "ChessBase"]
[SourceQuality "1"]

{[%evp 22,77,16,6,14,0,0,-49,-47,-59,-62,-62,-62,-60,-61,-62,-58,-66,-58,-57,-53,-87,-86,-100,-101,-102,-102,-100,-99,-98,-88,-88,-86,-103,-100,-195,-206,-196,-120,-114,-105,-394,-354,-364,-356,-747,-757,-839,-839,-816,-788,-933,-783,-29967,-29969,-29966,-29966,-29999]} 1. e4 c5 2. Nf3 Nc6 3. d4 cxd4 4. Nxd4 Nf6 5. Nc3 d6 6. Bg5 e6 7. Qd2 Be7 8. O-O-O O-O 9. f4 Nxd4 10. Qxd4 Qa5 11. Be2 h6 12. Bh4 e5 {B65: Sicilian: Richter-Rauzer: 7...Be7 8 0-0-0 0-0 9 f4 Nxd4} 13. Qd2 (13. fxe5 dxe5 14. Qe3 Be6 15. Kb1 Rac8 16. Nd5 Nxd5 17. exd5 Bxh4 18. dxe6 fxe6 19. Bd3 Bf6 20. Qe4 {1-0 (38) Kobalia,M (2654)-Kharlov,A (2558) playchess.com INT 2006}) 13... exf4 14. Bf3 $146 ({Predecessor:} 14. Kb1 Kh8 15. Bf2 Be6 16. Qxf4 Rac8 17. Bd4 Kg8 18. h4 b5 19. Bf3 Rxc3 20. Bxc3 {0-1 (41) Ochsner,B (2041)-Matthiesen,M (2291) Silkeborg 2009}) 14... Be6 {Black is slightly better.} 15. Nd5 Qxd2+ 16. Rxd2 Bxd5 $1 17. Bxf6 Bxf6 18. Rxd5 Be5 19. Rhd1 Rac8 20. R1d3 Rc7 21. b3 g6 22. h3 Kg7 23. c4 Kf6 24. Kd1 Re8 25. Ke2 Kg5 26. Rd1 h5 27. Rh1 Kh4 28. Kd3 (28. Kf2 $17 {is a better defense.}) 28... g5 $19 29. Ke2 {[#]} b6 ({Black should try} 29... Rc5 $1 $19 {Strongly threatening ...Rxd5.} 30. Rd2 b5 31. cxb5 Rxb5) 30. Kf2 $17 Rc5 {aiming for ...Rxd5.} 31. Rxc5 $4 {[%mdl 8192]} (31. Rd2 $17) 31... Bd4+ $19 ({Less strong is} 31... bxc5 32. Bd1 $17) ({Not} 31... dxc5 32. Be2 $19) 32. Ke2 dxc5 {[%mdl 4096] Endgame KRB-KRB} 33. Kf1 $2 (33. e5) 33... Kg3 34. Bxh5 Rxe4 35. Bf3 Re8 36. Be2 Bf2 37. h4 g4 {Black mates.} 38. h5 {[#]} f3 $1 39. Bxf3 Re1# {Accuracy: White = 22%, Black = 86%.} 0-1

[Event "10th IM Marmaris Karia 2019"]
[Site "Marmaris"]
[Date "2019.10.19"]
[Round "5.5"]
[White "Angun, Batu"]
[Black "Semiev, Suhrab"]
[Result "1/2-1/2"]
[WhiteElo "2165"]
[BlackElo "2290"]
[Annotator "TA"]
[PlyCount "44"]
[EventDate "2019.10.19"]
[EventType "schev"]
[EventCountry "TUR"]
[SourceTitle "playchess.com"]
[Source "ChessBase"]
[SourceQuality "1"]

{[%evp 17,44,56,50,34,52,30,73,64,66,68,82,44,65,47,76,56,81,0,84,0,52,62,61,0,31,0,66,0,32]} 1. d4 g6 2. Nf3 Bg7 3. c4 d6 4. Nc3 Bg4 5. e3 Nd7 6. Be2 c6 7. h3 Bxf3 8. Bxf3 Ngf6 9. O-O O-O 10. b3 {E61: King's Indian: Early deviations for White, including Smyslov System} Re8 11. Ba3 a5 $146 ({Predecessor:} 11... Qc7 12. Rc1 Rac8 13. b4 Qb8 14. Qb3 a6 15. b5 axb5 16. cxb5 Qa7 17. Bb2 c5 {1-0 (47) Zhou,J (2600)-Wang,Y (2439) Zaozhuang 2015}) 12. Qd2 {White is better.} Qc7 13. Rfd1 Bf8 14. d5 Bg7 15. Rac1 Rad8 16. Qe1 Ra8 17. Qd2 (17. g4 $16) 17... Red8 (17... Rad8 $11) 18. Qe1 (18. e4 $16) 18... Ne5 ({Better is} 18... Re8 $11) 19. Be2 $14 Ned7 20. Bf3 Ne5 21. Be2 Ned7 22. Bf3 Ne5 {Accuracy: White = 17%, Black = 40%.} 1/2-1/2